Conserving biological diversity in agricultural-forestry systems: most biological diversity exist in human managed ecosystems (Registro nro. 9156)

Detalles MARC
000 -CABECERA
Campo de control 007620000a22002290004500
090 ## - CLASIFICACIÓN LOCAL
Colección AR
Consecutivo 00054
041 0# - IDIOMA
Código de idioma para texto/pista de sonido o título separado
100 1# - ASIENTO PRINCIPAL--NOMBRE PERSONAL
Nombre personal Pimentel, David
245 10 - MENCION DE TITULO
Título Conserving biological diversity in agricultural-forestry systems: most biological diversity exist in human managed ecosystems
650 14 - ASIENTO SECUNDARIO DE MATERIA - TERMINO TEMATICO
Término temático o nombre geográfico como elemento de entrada Ecología
650 14 - ASIENTO SECUNDARIO DE MATERIA - TERMINO TEMATICO
Término temático o nombre geográfico como elemento de entrada Sistemas agroforestales
650 14 - ASIENTO SECUNDARIO DE MATERIA - TERMINO TEMATICO
Término temático o nombre geográfico como elemento de entrada Biodiversidad
650 14 - ASIENTO SECUNDARIO DE MATERIA - TERMINO TEMATICO
Término temático o nombre geográfico como elemento de entrada Valoración económica
700 1# - ASIENTO SECUNDARIO - NOMBRE PERSONAL
Nombre personal Stachow, Ulrich
700 1# - ASIENTO SECUNDARIO - NOMBRE PERSONAL
Nombre personal Takacs, David A.
700 1# - ASIENTO SECUNDARIO - NOMBRE PERSONAL
Nombre personal Brubaker, Hans W.
700 1# - ASIENTO SECUNDARIO - NOMBRE PERSONAL
Nombre personal Dumas, Amy R.
700 1# - ASIENTO SECUNDARIO - NOMBRE PERSONAL
Nombre personal Meaney, John J.
700 1# - ASIENTO SECUNDARIO - NOMBRE PERSONAL
Nombre personal Corzilius, David B.
773 1# - Item fuente:
Título Bioscience
Especificación de materiales 16
Descripción física 5
Paginas del Articulo 354-366
Lugar, editorial y fecha de publicación 1992
Información sobre la relación 42
942 ## - ELEMENTOS ADICIONALES (KOHA)
Tipo de ítem Artículo
Existencias
Withdrawn status Lost status Sistema de Clasificación Damaged status No para préstamo Colección Ubicación Permanente Ubicación actual Fecha de adquisición Total Checkouts Número topográfico Inventario / Código de Barras Date last seen Ejemplar Price effective from Tipo de material
    Dewey Decimal Classification   No para Préstamo Hemeroteca Bogotá Bogotá 27/02/2015   AR 00054 Fuera de circulación 010276 25/03/2015 1 25/03/2015 Artículo
    Dewey Decimal Classification   No para Préstamo Hemeroteca Bogotá Bogotá 27/02/2015   AR 00054 Fuera de circulación 010277 25/03/2015 2 25/03/2015 Artículo
    Dewey Decimal Classification   No para Préstamo Hemeroteca Bogotá Bogotá 27/02/2015   AR 00054 Fuera de circulación 010278 25/03/2015 3 25/03/2015 Artículo